[Event "Najdorf Mem Open A 2014"]
[Site "Warsaw POL"]
[Date "2014.07.16"]
[Round "4.12"]
[White "Vovk, Yuri"]
[Black "Krysztofiak, Marcin"]
[Result "1/2-1/2"]
[WhiteTitle "GM"]
[BlackTitle "IM"]
[WhiteElo "2591"]
[BlackElo "2423"]
[WhiteFideId "14113171"]
[BlackFideId "1114751"]
[EventDate "2014.07.14"]

1. Nf3 Nf6 2. c4 e6 3. Nc3 Bb4 4. Qc2 O-O 5. e4 d6 6. a3 Bxc3 7. dxc3 e5 8. Bg5
Nbd7 9. b4 h6 10. Bh4 Qe8 11. Nd2 Nh5 12. f3 Nb6 13. Bf2 Be6 14. c5 Na4 15. cxd6
cxd6 16. c4 Rc8 17. g3 b5 18. c5 dxc5 19. bxc5 Qc6 20. Be2 Nf6 21. O-O Nd7 22.
Nb3 a6 23. Rac1 Qa8 24. c6 Bxb3 25. Qxb3 Rxc6 26. Rfd1 Rxc1 27. Rxc1 Rc8 28. Rd1
Qc6 29. Bf1 Ndc5 30. Qb4 Qe6 31. Rc1 Nb7 32. Rxc8+ Qxc8 33. Qe7 f6 34. h4 Na5
35. h5 Nc6 36. Qd6 Nd4 37. f4 Qe6 38. Qd8+ Kh7 39. Bxd4 exd4 40. Qxd4 Qb6 41.
Qxb6 Nxb6 42. Kf2 Kg8 43. Ke3 Kf7 44. Kd4 Ke7 45. e5 fxe5+ 46. fxe5 Na4 47. Be2
Nb6 48. Bd3 Na4 49. Bc2 Nb6 50. Bb3 Nd7 51. Bd5 Nb6 52. Ba2 Nd7 53. Bb1 Ke6 54.
Ba2+ Ke7 55. Bg8 Nb6 56. Bb3 Nd7 57. Bd1 Nb6 58. Be2 Nd7 59. Bg4 Nb6 60. Be2 Nd7
61. Bf3 Nb6 62. Bc6 Nc4 63. a4 Na3 64. axb5 axb5 65. Bd5 Nc2+ 66. Ke4 Nb4 67.
Bb7 Ke6 68. g4 Nc2 69. Bd5+ Ke7 70. Bg8 Na3 71. Bb3 Nb1 72. Kf5 Nd2 73. Bd5 Nc4
74. Ke4 Nb6 75. Bb3 b4 76. Kd4 Nd7 77. Ba2 Nb6 78. Bb3 Nd7 79. Bc2 Nb6 80. Bf5
Nd7 81. Bc2 Nb6 82. Bd1 Nd7 83. Kd5 Nb6+ 84. Ke4 Nd7 85. Kf5 Nc5 86. Kg6 Kf8 87.
Bc2 b3 88. Bb1 b2 89. Bc2 Ne6 90. Bb1 Nc5 91. g5 hxg5 92. Kxg5 Ne6+ 93. Kg6 Nc5
94. h6 gxh6 95. Kxh6 Nd7 96. Kg5 Nxe5 97. Kf4 Nc4 98. Ke4 Nd2+ 99. Kd3 Nxb1 100.
Kc2 Na3+ 1/2-1/2

[Event "Najdorf Mem Open A 2014"]
[Site "Warsaw POL"]
[Date "2014.07.16"]
[Round "4.13"]
[White "Heberla, Bartlomiej"]
[Black "Jakubiec, Edyta"]
[Result "1-0"]
[WhiteTitle "GM"]
[BlackTitle "WIM"]
[WhiteElo "2578"]
[BlackElo "2189"]
[WhiteFideId "1115120"]
[BlackFideId "1114158"]
[EventDate "2014.07.14"]

1. d4 d5 2. Bf4 Nf6 3. e3 c6 4. c4 e6 5. Nc3 dxc4 6. Bxc4 Nd5 7. Bg3 b5 8. Bd3
Nxc3 9. bxc3 Bd6 10. Nf3 Qe7 11. O-O Bxg3 12. hxg3 Nd7 13. a4 bxa4 14. Qxa4 Qd6
15. Be4 Nb8 16. Ne5 Bd7 17. Nc4 Qc7 18. Qa3 Bc8 19. Rfb1 a6 20. Nb6 Ra7 21. Nxc8
Qxc8 22. Qd6 1-0

[Event "Najdorf Mem Open A 2014"]
[Site "Warsaw POL"]
[Date "2014.07.16"]
[Round "4.14"]
[White "Dragun, Kamil"]
[Black "Piorun, Kacper"]
[Result "1-0"]
[WhiteTitle "GM"]
[BlackTitle "GM"]
[WhiteElo "2518"]
[BlackElo "2577"]
[WhiteFideId "1134167"]
[BlackFideId "1130420"]
[EventDate "2014.07.14"]

1. d4 Nf6 2. c4 g6 3. f3 Bg7 4. e4 d6 5. Nc3 O-O 6. Be3 b6 7. Qd2 c5 8. d5 e6 9.
Nge2 exd5 10. cxd5 Ba6 11. a4 Nbd7 12. Nb5 Ne5 13. Ng3 h5 14. Be2 h4 15. Nf1 h3
16. gxh3 Bxb5 17. axb5 c4 18. Ng3 Qd7 19. O-O Qxb5 20. Rf2 Rfc8 21. Ra3 Qd7 22.
Kg2 b5 23. f4 Nd3 24. Bxd3 cxd3 25. Qxd3 Qe7 26. Re2 Qb7 27. Ra1 Rc4 28. Bf2 a5
29. Rd1 Nd7 30. h4 Nf6 31. Qf3 Rac8 32. h5 Nxh5 33. Nxh5 gxh5 34. Qxh5 Re8 35.
Kf3 Kf8 36. Rg1 f6 37. Qf5 Re7 38. Bh4 Qb6 39. Rg6 1-0

[Event "Najdorf Mem Open A 2014"]
[Site "Warsaw POL"]
[Date "2014.07.16"]
[Round "4.15"]
[White "Debashis, Das"]
[Black "Olszewski, Michal"]
[Result "1/2-1/2"]
[WhiteTitle "GM"]
[BlackTitle "GM"]
[WhiteElo "2484"]
[BlackElo "2553"]
[WhiteFideId "5024854"]
[BlackFideId "1121251"]
[EventDate "2014.07.14"]

1. e4 e5 2. Nf3 Nc6 3. Bc4 Nf6 4. d3 Be7 5. O-O O-O 6. Re1 d6 7. a4 Na5 8. Ba2
c5 9. Bd2 Nc6 10. Nc3 Bg4 11. h3 Bh5 12. Nd5 Nxd5 13. Bxd5 Bxf3 14. Qxf3 Bg5 15.
Bc3 Rb8 16. g3 Kh8 17. Qg4 Bh6 18. f4 exf4 19. gxf4 Ne7 20. f5 Nxd5 21. exd5 Bg5
22. Re4 Bf6 23. Rae1 Bxc3 24. bxc3 Qf6 25. c4 a6 26. Rf1 Rfe8 27. Qh4 Qc3 28.
Rfe1 Rxe4 29. Qxe4 Rg8 30. Qe7 g5 31. Re2 g4 32. h4 g3 33. Kg2 Qd4 34. Qe4 Qf6
35. Re3 Qc3 1/2-1/2

[Event "Najdorf Mem Open A 2014"]
[Site "Warsaw POL"]
[Date "2014.07.16"]
[Round "4.16"]
[White "Matuszewski, Michal"]
[Black "Tomczak, Jacek"]
[Result "1/2-1/2"]
[WhiteTitle "IM"]
[BlackTitle "GM"]
[WhiteElo "2416"]
[BlackElo "2547"]
[WhiteFideId "1129775"]
[BlackFideId "1124668"]
[EventDate "2014.07.14"]

1. d4 Nf6 2. c4 g6 3. g3 Bg7 4. Bg2 d5 5. cxd5 Nxd5 6. Nf3 Nb6 7. O-O Nc6 8. e3
O-O 9. Nc3 Re8 10. Re1 a5 11. Nb5 Be6 12. b3 a4 13. Bb2 Na5 14. Nd2 c6 15. Nc3
c5 16. Ne2 Bg4 17. Ne4 cxd4 18. Bxd4 Bxd4 19. exd4 axb3 20. axb3 Nd5 21. h3 Bd7
22. N2c3 Nxc3 23. Nxc3 Rc8 24. Re3 b6 25. Ra2 Be6 26. d5 Bd7 27. Kh2 Nb7 28. Ne4
Bf5 29. Nc3 Nd6 30. Qd4 Bd7 31. Qb4 Nf5 32. Rd3 Nd6 33. Ra6 Bf5 34. Re3 Rb8 35.
Nb5 Nxb5 36. Qxb5 Qd6 37. Ra7 Rbd8 38. Rb7 Rb8 39. Qc6 Rxb7 40. Qxb7 Kf8 41. Rc3 1/2-1/2

[Event "Najdorf Mem Open A 2014"]
[Site "Warsaw POL"]
[Date "2014.07.16"]
[Round "4.17"]
[White "Nurkiewicz, Maciej"]
[Black "Beliavsky, Alexander G"]
[Result "1/2-1/2"]
[BlackTitle "GM"]
[WhiteElo "2392"]
[BlackElo "2631"]
[WhiteFideId "1107046"]
[BlackFideId "14602377"]
[EventDate "2014.07.14"]

1. e4 e5 2. Nf3 Nc6 3. Bc4 Nf6 4. Ng5 d5 5. exd5 Na5 6. Bb5+ c6 7. dxc6 bxc6 8.
Qf3 Qc7 9. Bd3 Bd6 10. Nc3 O-O 11. O-O h6 12. Nge4 Nxe4 13. Nxe4 f5 14. Nxd6
Qxd6 15. Qe2 c5 16. b3 e4 17. Bc4+ Nxc4 18. Qxc4+ Rf7 19. Re1 Ba6 20. Qc3 Rc8
21. Ba3 Qd5 22. d3 exd3 23. cxd3 Qxd3 24. Qxd3 Bxd3 25. Rac1 c4 26. Rc3 Rc6 27.
Rec1 Ra6 28. bxc4 Bxc4 29. Rxc4 Rxa3 30. R4c2 f4 31. Re1 f3 32. gxf3 Raxf3 33.
Re6 Ra3 34. Kg2 Rf5 35. Rg6 Kh7 36. Rg3 Rfa5 37. Rxa3 Rxa3 38. f3 g5 39. Kg3 Kg6
40. Rc6+ Kh5 41. Rc2 Ra4 42. h3 Ra3 43. Rd2 a5 44. Rc2 a4 45. Rd2 Kg6 46. Rd6+
Kf5 47. Rxh6 Rxa2 48. h4 gxh4+ 1/2-1/2

[Event "Najdorf Mem Open A 2014"]
[Site "Warsaw POL"]
[Date "2014.07.16"]
[Round "4.18"]
[White "Klekowski, Maciej"]
[Black "Rozentalis, Eduardas"]
[Result "0-1"]
[BlackTitle "GM"]
[WhiteElo "2385"]
[BlackElo "2603"]
[WhiteFideId "1132717"]
[BlackFideId "12800023"]
[EventDate "2014.07.14"]

1. d4 b5 2. Nf3 Bb7 3. Bf4 Nf6 4. e3 a6 5. a4 b4 6. h3 d6 7. Nbd2 Nbd7 8. a5 c5
9. Be2 cxd4 10. exd4 g6 11. Nb3 Nd5 12. Bd2 Bg7 13. c4 bxc3 14. bxc3 O-O 15. O-O
Re8 16. c4 N5f6 17. d5 Ne4 18. Rb1 Qc7 19. Bd3 Nxd2 20. Qxd2 e5 21. dxe6 Rxe6
22. Nfd4 Re7 23. Rfe1 Ne5 24. Bf1 Rae8 25. Rbc1 Ba8 26. c5 dxc5 27. Rxc5 Qb7 28.
Rec1 h5 29. Qc3 Kh7 30. Rc7 Rxc7 31. Qxc7 Qe4 32. Rd1 h4 33. Qc2 Qf4 34. Bxa6
Ng4 35. hxg4 Be5 36. g3 hxg3 37. f3 Rd8 38. Bf1 Bxd4+ 39. Nxd4 Rxd4 40. Rxd4
Qe3+ 41. Kg2 Qxf3+ 42. Kh3 g2+ 0-1

[Event "Najdorf Mem Open A 2014"]
[Site "Warsaw POL"]
[Date "2014.07.16"]
[Round "4.19"]
[White "Vydeslaver, Alik"]
[Black "Duda, Jan-Krzysztof"]
[Result "1/2-1/2"]
[WhiteTitle "IM"]
[BlackTitle "GM"]
[WhiteElo "2384"]
[BlackElo "2580"]
[WhiteFideId "2801876"]
[BlackFideId "1170546"]
[EventDate "2014.07.14"]

1. e4 c5 2. Nf3 d6 3. d4 cxd4 4. Qxd4 a6 5. h3 Nc6 6. Qe3 Nf6 7. c4 g6 8. Nc3
Bg7 9. Be2 O-O 10. O-O Nd7 11. Rb1 Nde5 12. Rd1 Nxf3+ 13. Bxf3 Bd7 14. Be2 f5
15. f3 f4 16. Qf2 Be5 17. Nd5 Rb8 18. Nb6 Be6 19. b3 Qe8 20. Bb2 Rd8 21. c5 Qf7
22. cxd6 Bxd6 23. Bc4 Bxc4 24. Nxc4 Bb8 25. Kh2 g5 26. Qc5 Qg6 27. Na5 1/2-1/2

[Event "Najdorf Mem Open A 2014"]
[Site "Warsaw POL"]
[Date "2014.07.16"]
[Round "4.20"]
[White "Schroeder, Jan-Christian"]
[Black "Jakubowski, Krzysztof"]
[Result "0-1"]
[WhiteTitle "FM"]
[BlackTitle "GM"]
[WhiteElo "2370"]
[BlackElo "2537"]
[WhiteFideId "24662259"]
[BlackFideId "1112848"]
[EventDate "2014.07.14"]

1. e4 c5 2. Nf3 d6 3. d4 cxd4 4. Nxd4 Nf6 5. Nc3 a6 6. Be3 e6 7. Be2 Nbd7 8. f4
b5 9. Bf3 Bb7 10. a3 Nb6 11. Qd3 Nc4 12. O-O-O Nd7 13. e5 Bxf3 14. Nxf3 d5 15.
f5 b4 16. axb4 Bxb4 17. Bd4 Rb8 18. fxe6 fxe6 19. Nd2 Nxb2 20. Qxa6 Bxc3 21.
Qxe6+ Qe7 22. Qxe7+ Kxe7 23. Bxc3 Nxd1 24. Rxd1 Rhc8 25. Bb2 Nc5 26. Nf3 Nb3+
27. Kb1 Na5 28. Nd2 Nc4 29. Nxc4 dxc4 30. Kc1 c3 31. Ba3+ Ke6 0-1

[Event "Najdorf Mem Open A 2014"]
[Site "Warsaw POL"]
[Date "2014.07.16"]
[Round "4.21"]
[White "Popilski, Gil"]
[Black "Deszczynski, Adam"]
[Result "1-0"]
[WhiteTitle "GM"]
[WhiteElo "2500"]
[BlackElo "2341"]
[WhiteFideId "2809060"]
[BlackFideId "1102753"]
[EventDate "2014.07.14"]

1. d4 d5 2. c4 c6 3. e3 Nf6 4. Bd3 g6 5. h3 Bg7 6. Nf3 O-O 7. O-O b6 8. Nc3 Bb7
9. Qe2 Nbd7 10. Rd1 Qc7 11. b3 Rac8 12. Bb2 Rfd8 13. Rac1 Qb8 14. b4 dxc4 15.
Bxc4 Nd5 16. Ne4 e6 17. a3 N5f6 18. Neg5 h6 19. Nxe6 fxe6 20. Bxe6+ Kh7 21. Ne5
Nxe5 22. dxe5 Nd5 23. f4 Rc7 24. f5 Bc8 25. fxg6+ Kh8 26. Bf7 Rxf7 27. gxf7 Qb7
28. e6 Bxe6 29. Qh5 Qxf7 30. Qxh6+ Kg8 31. Bxg7 1-0

[Event "Najdorf Mem Open A 2014"]
[Site "Warsaw POL"]
[Date "2014.07.16"]
[Round "4.22"]
[White "Kanarek, Marcel"]
[Black "Stoma, Pawel"]
[Result "1-0"]
[WhiteTitle "IM"]
[WhiteElo "2471"]
[BlackElo "2326"]
[WhiteFideId "1126822"]
[BlackFideId "1113569"]
[EventDate "2014.07.14"]

1. e4 c6 2. d4 d6 3. Nc3 Nd7 4. Nf3 e5 5. Bc4 Be7 6. O-O Ngf6 7. a4 a5 8. Re1
O-O 9. Ba2 Qc7 10. h3 exd4 11. Nxd4 Nc5 12. Bf4 Ne6 13. Bh2 Nxd4 14. Qxd4 Nd7
15. Rad1 Ne5 16. f4 Ng6 17. Kh1 Re8 18. f5 Ne5 19. Bxe5 dxe5 20. Qc4 Bd8 21.
Rxd8 Rxd8 22. Nd5 Rxd5 23. exd5 Bxf5 24. d6 Qd7 25. Rxe5 Re8 26. Qxf7+ 1-0

[Event "Najdorf Mem Open A 2014"]
[Site "Warsaw POL"]
[Date "2014.07.16"]
[Round "4.23"]
[White "Givon, Asaf"]
[Black "Warszawski, Bartosz"]
[Result "1-0"]
[WhiteTitle "IM"]
[WhiteElo "2452"]
[BlackElo "2247"]
[WhiteFideId "2801841"]
[BlackFideId "1110799"]
[EventDate "2014.07.14"]

1. e4 c5 2. Nf3 e6 3. Nc3 Nc6 4. d4 cxd4 5. Nxd4 Qc7 6. Be2 a6 7. O-O b5 8. Nxc6
dxc6 9. a4 b4 10. Nb1 Nf6 11. Nd2 Bb7 12. Bd3 Bd6 13. h3 c5 14. Qe2 Bh2+ 15. Kh1
Bf4 16. Nc4 Bxc1 17. Raxc1 O-O 18. e5 Nd7 19. Nd6 Bc6 20. b3 Nb6 21. f4 Nd5 22.
Qf2 Nc3 23. Rce1 f5 24. Kh2 Bd5 25. g4 fxg4 26. hxg4 Rad8 27. f5 exf5 28. gxf5
Rxd6 29. exd6 Qxd6+ 30. Qf4 Qd7 31. Re3 Ba8 32. Rg3 Rf6 33. Rfg1 g6 34. Qb8+ Rf8
35. fxg6 h6 36. Qxf8+ 1-0

[Event "Najdorf Mem Open A 2014"]
[Site "Warsaw POL"]
[Date "2014.07.16"]
[Round "4.24"]
[White "Strugnell, Carl"]
[Black "Lei, Tingjie"]
[Result "1/2-1/2"]
[WhiteTitle "FM"]
[WhiteElo "2258"]
[BlackElo "2450"]
[WhiteFideId "616753"]
[BlackFideId "8605114"]
[EventDate "2014.07.14"]

1. e4 e6 2. d4 d5 3. Nc3 dxe4 4. Nxe4 Bd7 5. Nf3 Bc6 6. Bd3 Nd7 7. O-O Ngf6 8.
Ng3 Be7 9. Qe2 Bxf3 10. Qxf3 c6 11. b3 O-O 12. Bb2 Re8 13. a3 Qa5 14. Rfe1 Rad8
15. c4 Bf8 16. Qe2 g6 17. Rad1 Bg7 18. Bb1 Nf8 19. b4 Qg5 20. f3 Qf4 21. Ba2 Qc7
22. Ne4 Nh5 23. g3 Nf6 24. Kg2 Re7 25. d5 Nxe4 26. Bxg7 Kxg7 27. Qxe4 cxd5 28.
cxd5 e5 29. Rc1 Qd6 30. Qc4 Nd7 31. Red1 Nb6 32. Qc5 Qf6 33. Qf2 h5 34. h4 Red7
35. Rc5 Nc8 36. a4 Ne7 37. a5 b6 38. axb6 axb6 39. Rb5 Rd6 40. Rc1 Nxd5 41. Bxd5
Rxd5 42. Rxb6 Qf5 43. Rc2 Rd3 44. Rbc6 e4 45. fxe4 Qxe4+ 46. Kh2 Rd1 47. Qg2
Qxb4 48. Rb2 Qa5 49. Rcc2 R8d3 50. Rf2 Qe5 51. Rb7 Qe6 52. Re2 Re3 53. Rxf7+
Qxf7 54. Rxe3 Qd7 55. Qb2+ Kh7 56. Re2 Rd6 57. Qe5 Rd2 58. Qe3 Rxe2+ 59. Qxe2 1/2-1/2

[Event "Najdorf Mem Open A 2014"]
[Site "Warsaw POL"]
[Date "2014.07.16"]
[Round "4.25"]
[White "Cukrowski, Filip"]
[Black "Mu, Ke"]
[Result "0-1"]
[WhiteElo "2230"]
[BlackElo "2409"]
[WhiteFideId "1171097"]
[BlackFideId "8602778"]
[EventDate "2014.07.14"]

1. e4 d6 2. d4 g6 3. Nc3 Bg7 4. f4 a6 5. Nf3 b5 6. Bd3 Bb7 7. O-O Nd7 8. e5 Nh6
9. Qe2 Nb6 10. Ne4 O-O 11. Ng3 e6 12. Ne4 Bxe4 13. Bxe4 Rb8 14. b3 Qd7 15. Bd2
f5 16. Bd3 Nf7 17. c4 dxe5 18. dxe5 Rfd8 19. Bc2 Qc6 20. Be3 bxc4 21. Nd4 Qe8
22. bxc4 Bf8 23. Nb3 Na4 24. c5 Qb5 25. Qxb5 axb5 26. Na5 Ra8 27. Nc6 Rd5 28.
Bb3 Rd3 29. Bf2 Nxc5 30. Nd4 Nxb3 31. axb3 Rxa1 32. Rxa1 Nd8 33. Nxb5 c6 34. Nc7
Kf7 35. Kf1 Rxb3 36. Rd1 Be7 37. Rd7 Kf8 38. Na6 Ke8 39. Rc7 h6 40. Rc8 Ra3 41.
Ra8 g5 42. g3 gxf4 43. gxf4 Rf3 44. Kg2 Rxf4 45. Bb6 Rc4 46. Rc8 Rc2+ 47. Kh3
Rd2 48. Nb8 Kf7 49. Rc7 Rb2 50. Bc5 Rb3+ 51. Kg2 Rb7 52. Rxb7 Nxb7 53. Bxe7 Kxe7
54. Nxc6+ Kd7 55. Nd4 Nc5 56. Kg3 Nd3 57. Nf3 Kc6 58. Nh4 Kd5 59. Ng6 Nxe5 60.
Nf4+ Kd6 61. h3 Nd7 62. Kf3 e5 63. Nh5 Ke6 64. Ng7+ Kf6 65. Ne8+ Kg6 66. Nd6 Nb6
67. h4 Nd5 68. h5+ Kf6 69. Ne8+ Kg5 70. Ng7 Nc7 0-1

[Event "Najdorf Mem Open A 2014"]
[Site "Warsaw POL"]
[Date "2014.07.16"]
[Round "4.26"]
[White "Dionisi, Thomas"]
[Black "Polok, Kacper"]
[Result "1/2-1/2"]
[WhiteTitle "FM"]
[WhiteElo "2393"]
[BlackElo "2215"]
[WhiteFideId "651893"]
[BlackFideId "1137158"]
[EventDate "2014.07.14"]

1. e4 c5 2. Nf3 Nc6 3. Bb5 d6 4. O-O Bd7 5. Re1 Nf6 6. c3 a6 7. Bf1 Bg4 8. h3
Bxf3 9. Qxf3 g6 10. d3 Bg7 11. Be3 Nd7 12. Nd2 O-O 13. Qe2 b5 14. a3 a5 15. Nf3
e5 16. Rad1 Qe7 17. d4 exd4 18. cxd4 Rab8 19. Qd2 Rfd8 20. Bg5 f6 21. Bf4 Nde5
22. dxe5 dxe5 23. Qc1 exf4 24. Rxd8+ Nxd8 25. Bxb5 Kf8 26. Bc4 Nc6 27. Qxf4 Ne5
28. Nxe5 Qxe5 29. Qxe5 fxe5 30. b3 Rd8 31. Bd5 Bh6 32. a4 Bd2 33. Rd1 Bb4 34.
Rd3 Ke7 35. h4 h6 36. g3 Ba3 37. Kg2 Bb2 38. Rd1 Bd4 39. Rh1 Rf8 40. f3 h5 41.
Rf1 Be3 42. Re1 Bd4 43. Rd1 Rf6 44. Rd3 Rf8 45. Kf1 Rd8 46. Ke2 Rf8 47. Rd1 Kf6
48. Rf1 g5 49. Rh1 Kg6 50. Be6 Kf6 51. Bd5 Kg6 52. hxg5 Kxg5 53. Rf1 Rf6 54. Kd3
Rb6 55. Ke2 Rf6 56. Kd3 Rb6 57. Rh1 Rf6 58. Ke2 Rf8 59. Rf1 Rf6 1/2-1/2

[Event "Najdorf Mem Open A 2014"]
[Site "Warsaw POL"]
[Date "2014.07.16"]
[Round "4.27"]
[White "Bartel, Michal"]
[Black "Ben Artzi, Ido"]
[Result "1/2-1/2"]
[WhiteTitle "FM"]
[BlackTitle "FM"]
[WhiteElo "2296"]
[BlackElo "2392"]
[WhiteFideId "1119257"]
[BlackFideId "2810913"]
[EventDate "2014.07.14"]

1. e4 d6 2. g3 Nf6 3. Bg2 g6 4. d4 Bg7 5. Ne2 O-O 6. O-O Nbd7 7. h3 c5 8. c3 Rb8
9. Be3 b6 10. Nd2 Bb7 11. g4 Qc7 12. Ng3 Rbc8 13. Rc1 b5 14. Re1 Nb6 15. b3 Nfd7
16. Ndf1 a5 17. Qd2 Rfe8 18. Bh6 Bh8 19. Ne3 Qb8 20. dxc5 dxc5 21. c4 b4 22. Nd5
e6 23. Bf4 Be5 24. Bxe5 Qxe5 25. f4 Qb8 26. Nxb6 Nxb6 27. Rcd1 Red8 28. Qe3 e5
29. f5 Rd4 30. Ne2 Rd6 31. Rd5 Bxd5 32. exd5 Nd7 33. Ng3 Nf6 34. g5 Nd7 35. f6
a4 36. h4 axb3 37. axb3 Ra6 38. Bh3 Qc7 39. h5 e4 40. Nxe4 Re8 41. hxg6 hxg6 42.
Bg2 Qe5 43. Qh3 Qd4+ 44. Kh1 Ra1 45. Rxa1 Qxa1+ 46. Kh2 Rxe4 47. Bxe4 Qe5+ 48.
Kg1 Qxg5+ 49. Bg2 Qc1+ 50. Bf1 Qg5+ 51. Bg2 Qc1+ 52. Bf1 Nxf6 53. Qc8+ Kg7 54.
Qxc5 Qc3 55. Qf2 Ne4 56. Qf4 Qd4+ 57. Kg2 g5 58. Qf3 Qd2+ 59. Kg1 Qd4+ 60. Kg2
Qd2+ 61. Kg1 f5 62. Bh3 Qe1+ 63. Kg2 Qd2+ 64. Kg1 Qd4+ 65. Kg2 Qb2+ 66. Kg1 Qb1+
67. Kg2 Qb2+ 68. Kg1 Qc1+ 69. Kg2 Qc2+ 70. Kg1 Qc3 71. Qxf5 Qe3+ 72. Kg2 Qe2+
73. Kg1 Qe1+ 74. Kg2 Qg3+ 75. Kf1 Qd3+ 76. Kg2 Qe2+ 77. Kg1 Qe3+ 78. Kg2 Qe2+ 1/2-1/2

[Event "Najdorf Mem Open A 2014"]
[Site "Warsaw POL"]
[Date "2014.07.16"]
[Round "4.28"]
[White "Arman, Deniz"]
[Black "Przedmojski, Rafal"]
[Result "0-1"]
[WhiteTitle "FM"]
[WhiteElo "2272"]
[BlackElo "2367"]
[WhiteFideId "6302106"]
[BlackFideId "1102451"]
[EventDate "2014.07.14"]

1. Nf3 d5 2. g3 c6 3. d3 Nd7 4. Bg2 e5 5. O-O Ngf6 6. c4 dxc4 7. dxc4 h6 8. Qc2
Bc5 9. Nc3 O-O 10. Nh4 Nb6 11. b3 Qe7 12. Bb2 Re8 13. Ne4 Bd4 14. Rfd1 g5 15.
Ba3 c5 16. e3 Bxa1 17. Bxc5 Qe6 18. Rd6 Nxe4 19. Rxe6 Bxe6 20. Bxe4 gxh4 21. Qc1
Rac8 22. Bxb6 axb6 23. Qxa1 b5 24. cxb5 h3 25. Kf1 Red8 26. Ke2 Rc5 27. b4 Rxb5
28. Qc3 Rc8 29. Qd2 Ra8 30. Bb1 e4 31. f3 Rd5 32. Qb2 Rad8 33. Bxe4 Rd1 34. Qc3
Bc4+ 35. Bd3 R8xd3 0-1

[Event "Najdorf Mem Open A 2014"]
[Site "Warsaw POL"]
[Date "2014.07.16"]
[Round "4.29"]
[White "Vaarala, Eric"]
[Black "Barle, Janez"]
[Result "0-1"]
[BlackTitle "IM"]
[WhiteElo "2282"]
[BlackElo "2345"]
[WhiteFideId "1711962"]
[BlackFideId "14600021"]
[EventDate "2014.07.14"]

1. d4 d5 2. c4 Nc6 3. Nf3 Bg4 4. Nc3 e6 5. e3 Bb4 6. h3 Bxf3 7. Qxf3 Nf6 8. cxd5
exd5 9. Bd3 O-O 10. O-O Re8 11. a3 Bxc3 12. bxc3 Na5 13. Qd1 Ne4 14. f3 Ng3 15.
Re1 f5 16. Qc2 c5 17. Qf2 Qc7 18. Rb1 c4 19. Bc2 b6 20. Bd2 Re6 21. Rb5 Rd8 22.
e4 fxe4 23. f4 Nf5 24. Bxe4 Rxe4 25. Rxe4 Nd6 26. Re6 Nxb5 27. f5 Qf7 28. Qe1
Nc7 29. Bg5 Re8 30. Rxe8+ Nxe8 31. g4 Nc6 32. Qg3 Qd7 33. Qf3 h6 34. Bh4 Nf6 35.
Bxf6 gxf6 36. Qf4 Kg7 37. h4 Qe7 38. Kf2 Qd8 39. Qe3 Qd7 40. Qf4 Ne7 0-1

[Event "Najdorf Mem Open A 2014"]
[Site "Warsaw POL"]
[Date "2014.07.16"]
[Round "4.30"]
[White "Nguyen, Piotr"]
[Black "Shvayger, Yuliya"]
[Result "1-0"]
[BlackTitle "WIM"]
[WhiteElo "2339"]
[BlackElo "2287"]
[WhiteFideId "1127993"]
[BlackFideId "14100126"]
[EventDate "2014.07.14"]

1. d4 Nf6 2. Bg5 Ne4 3. Bf4 d5 4. e3 c5 5. Bd3 Qb6 6. Bxe4 dxe4 7. Nc3 Na6 8.
Nge2 Bg4 9. Nxe4 Qxb2 10. f3 Bf5 11. O-O Bxe4 12. fxe4 Qb5 13. Rb1 Qd7 14. Qd3
Rc8 15. d5 g6 16. Qc3 f6 17. Qb3 b6 18. Qa3 Nb8 19. e5 Qxd5 20. exf6 exf6 21.
Qxa7 Nd7 22. Nc3 Qa8 23. Qxa8 Rxa8 24. Rfd1 g5 25. Bg3 Ra3 26. Rb3 c4 27. Rxa3
Bxa3 28. Bd6 Bxd6 29. Rxd6 Ke7 30. Rc6 Rd8 31. Nd5+ Ke8 32. Re6+ Kf7 33. Rd6 Ke8
34. a4 f5 35. Kf2 Nc5 36. Rxd8+ Kxd8 37. Nxb6 c3 38. Ke2 h5 39. Kf3 Nd3 40. a5
Nb4 41. e4 f4 42. Ke2 Nxc2 43. a6 Nd4+ 44. Kd3 Nb5 45. Nd5 h4 46. Nxc3 Nxc3 47.
a7 1-0

[Event "Najdorf Mem Open A 2014"]
[Site "Warsaw POL"]
[Date "2014.07.16"]
[Round "4.31"]
[White "Wiewiora, Eneasz"]
[Black "Loos, Roland"]
[Result "1/2-1/2"]
[WhiteElo "2218"]
[BlackElo "2335"]
[WhiteFideId "1140396"]
[BlackFideId "4643232"]
[EventDate "2014.07.14"]

1. Nf3 e6 2. c4 Nf6 3. g3 b6 4. Bg2 Bb7 5. O-O c5 6. Nc3 Be7 7. d4 cxd4 8. Qxd4
d6 9. Bg5 a6 10. Bxf6 Bxf6 11. Qf4 O-O 12. Rfd1 Be7 13. Ne4 Bxe4 14. Qxe4 Ra7
15. Nd4 Rc7 16. b3 Qc8 17. a4 Rc5 18. e3 Rd8 19. Qg4 g6 20. Ra2 Kg7 21. Rad2 Qc7
22. Qe2 Rc8 23. h4 Bf6 24. Bh3 Qe7 25. Bg2 Qc7 26. Nf3 Be7 27. Ng5 b5 28. Ne4
Rc6 29. cxb5 axb5 30. axb5 Rb6 31. Ng5 Qc5 32. Bf1 Nd7 33. Nf3 Bf6 34. Nd4 Bxd4
35. Rxd4 d5 36. e4 Nf6 37. exd5 exd5 38. Qf3 h5 39. Qf4 Re6 40. Bh3 Ng4 41. Bxg4
hxg4 42. Rxd5 Re1+ 43. Rxe1 Qxd5 44. Qxg4 Rc3 45. b4 Rc4 46. Qg5 Qf3 47. Qe3 Qb7
48. Rc1 Re4 49. Qc5 Re6 50. Qd4+ Kh7 51. Qf4 Re4 52. Qd2 Qxb5 53. Rb1 Rg4 54.
Qc3 Re4 55. Qf3 f5 56. Qc3 f4 57. Re1 Qxb4 58. Qc7+ Kg8 59. Rxe4 Qb1+ 60. Kh2
fxg3+ 61. Qxg3 Qxe4 62. h5 Kh7 63. hxg6+ Qxg6 64. Qh4+ Kg7 65. Kh3 Kf7 66. Qc4+
Ke7 67. Qb4+ Kf7 68. Qb7+ Kf8 69. Qb8+ Ke7 70. Qe5+ Kf7 71. Qf4+ Ke7 72. Qe5+
Kf7 73. Kh4 Qb1 74. Kg5 Qg6+ 75. Kf4 Qh6+ 76. Ke4 Qh1+ 77. f3 Qh4+ 78. Kd3 Qf2
79. Qf5+ Ke7 80. Ke4 Qe2+ 81. Kf4 Qd2+ 82. Kg4 Qd4+ 83. Kg3 Qd6+ 84. Kh3 Qd4 85.
Qg4 Qh8+ 86. Kg3 Qe5+ 87. Kf2 Qb2+ 88. Ke3 Qe5+ 89. Kd3 Qd5+ 90. Ke2 Qe5+ 91.
Kf2 Qb2+ 92. Kg3 Qe5+ 93. Kh4 Qh8+ 94. Kg5 Qf6+ 95. Kh5 Qh8+ 96. Kg6 Qg8+ 97.
Kf5 Qd5+ 98. Kf4 Qd4+ 99. Kf5 Qd5+ 100. Kf4 Qd4+ 101. Kg3 Qe5+ 1/2-1/2

[Event "Najdorf Mem Open A 2014"]
[Site "Warsaw POL"]
[Date "2014.07.16"]
[Round "4.32"]
[White "Cabezas Ayala, Ivan"]
[Black "Nowicki, Bartosz"]
[Result "1/2-1/2"]
[WhiteTitle "FM"]
[WhiteElo "2333"]
[BlackElo "2256"]
[WhiteFideId "2207710"]
[BlackFideId "1179730"]
[EventDate "2014.07.14"]

1. e4 c5 2. Nf3 d6 3. d4 cxd4 4. Nxd4 Nf6 5. Nc3 a6 6. g3 e5 7. Nde2 Be7 8. Bg2
O-O 9. h3 b5 10. O-O Bb7 11. g4 Nbd7 12. Ng3 b4 13. Nd5 Nxd5 14. exd5 Bg5 15. a3
Bxc1 16. Qxc1 bxa3 17. Rxa3 Nb6 18. Rd1 Rc8 19. Rb3 Rc5 20. Nf5 Bc8 21. Nxg7
Kxg7 22. Rxb6 Qxb6 23. Qg5+ Kh8 24. Qf6+ 1/2-1/2